000 00707nam a2200241Ia 4500
003 OSt
005 20220918230451.0
006 a|||||r|||| 00| 0
007 ta
008 220917b |||||||| |||| 00| 0 eng d
024 _a253,848
037 _cTextual
040 _aARTS
_cARTS
_beng
041 _2eng
_aeng
082 _a2:(D65,8(B)).49G, P3(2D)
100 _aJagtar Singh
_9152668
245 0 _aInformation democracy and South Asia
_b Promises and perils of the web
260 _aLudhiana
_bMedallion Press India
_c2003
300 _a248p.
_ccm.
650 _aLIBRARY SCIENCE
942 _h2:(D65,8(B)).49G, P3(2D)
_cTEXL
_2CC
999 _c288108
_d288108